00643nam a2200169Ia 4500008004100000020001800041082001900059100002600078245011800104250000600222260002400228300001000252650005200262700004600314952009600360999001700456120629s9999 xx 000 0 und d a970-07-2886-2 a343.0972 A185d aAcosta Romero, Miguel aDelitos especiales : doctrina - legislación - jurisprudencia / Miguel Acosta Romero, Eduardo López Betancourt a6 aMéxico : Porrúa a696 p a1. PENAL-DERECHO-MEXICO \ 2. LEGISLACION-MEXICO aLópez Betancourt, Eduardo, coaut. Ì 00104070a15b15d2006-07-13l0o343.0972 A185Dp15 000463r2017-12-07t1w2012-06-28yLB c75009d75009